000 00528nam a22002057a 4500
005 20251108175039.0
008 250721s2010 xx 000 0 eng d
082 1 4 _aJ/F/BOW
100 1 _aMckinley, Mark
_eEd.
245 1 0 _aBow- Wow -Dog /
264 1 _aAmman :
_bAL -Rowad for publishing,
_c2010.
300 _a8p.
490 0 _alittle reader
650 1 7 _afiction
650 1 7 _alearning
650 1 7 _achildren
653 _aاطفال مرحلة متوسطة (6-9)سنوات
942 _2ddc
_cBK
999 _c124849
_d124849